000 00387nam a2200133 i 4500
001 bg
100 1 _aWACŁAWSKI, Mieczysław
245 0 _aZagadnienia prognozowania abrazyjnej transformacji brzegów górskich zbiorników wodnych. /
_cMiczysław Wacławski.
260 _aKraków,
_c1982.
040 _cBPK
041 _apol
942 _cKS
008 s pl f |000 0 pol
999 _c22109
_d22109
856 _uhttp://koha.tu.koszalin.pl/cgi-bin/koha/opac-detail.pl?biblionumber=22109
_yKatalog online BPK